| 000 | 00923nam a2200241 a 4500 | ||
|---|---|---|---|
| 001 | BRCA_1785 | ||
| 005 | 20190320203541.0 | ||
| 008 | 880106s1990 mx-a---##b---#000-0#spa-# | ||
| 040 |
_aDLC _cDLC _dDLC |
||
| 050 | 4 |
_aNK8214.Z3 _b.V55 1990 |
|
| 100 | 1 |
_aVillegas, Víctor Manuel _d1913- _95569 |
|
| 245 | 1 | 0 |
_aHierros coloniales en Zacatecas _cVíctor Manuel Villegas ; prólogo Roberto Alvarez Espinosa ; presentación de la edición facsimilar de Federico Sescosse. |
| 250 | _a3 | ||
| 260 |
_aZacatecas, México _bImpressa _c1990 |
||
| 300 |
_a159 p. _bil. _c29 cm. |
||
| 500 | _aEn la cabeza de la portada: Ayuntamiento de la Ciudad de Zacatecas, 1989-1992 | ||
| 500 | _aIncluye índice de ilustraciones y de fotografías | ||
| 504 | _aBibliografía: p. 39-[40] | ||
| 650 | 1 | 4 |
_aEstructuras de hierro _zMéxico _9384 |
| 700 | 1 |
_aAlvarez Espinosa, Roberto _95570 |
|
| 700 | 1 |
_aSescosse, Federico _92611 |
|
| 942 |
_2lcc _cB |
||
| 999 |
_c1567 _d1567 |
||